<?xml version="1.0" encoding="UTF-8"?><?xml-stylesheet type="text/xsl" href="static/style.xsl"?><OAI-PMH xmlns="http://www.openarchives.org/OAI/2.0/" xmlns:xsi="http://www.w3.org/2001/XMLSchema-instance" xsi:schemaLocation="http://www.openarchives.org/OAI/2.0/ http://www.openarchives.org/OAI/2.0/OAI-PMH.xsd"><responseDate>2026-04-14T02:15:59Z</responseDate><request verb="GetRecord" identifier="oai:www.recercat.cat:2117/113974" metadataPrefix="marc">https://recercat.cat/oai/request</request><GetRecord><record><header><identifier>oai:recercat.cat:2117/113974</identifier><datestamp>2025-07-23T06:00:15Z</datestamp><setSpec>com_2072_1033</setSpec><setSpec>col_2072_452951</setSpec></header><metadata><record xmlns="http://www.loc.gov/MARC21/slim" xmlns:dcterms="http://purl.org/dc/terms/" xmlns:xsi="http://www.w3.org/2001/XMLSchema-instance" xmlns:doc="http://www.lyncode.com/xoai" xsi:schemaLocation="http://www.loc.gov/MARC21/slim http://www.loc.gov/standards/marcxml/schema/MARC21slim.xsd">
   <leader>00925njm 22002777a 4500</leader>
   <datafield ind2=" " ind1=" " tag="042">
      <subfield code="a">dc</subfield>
   </datafield>
   <datafield ind2=" " ind1=" " tag="720">
      <subfield code="a">Mesa Cedillo, David</subfield>
      <subfield code="e">author</subfield>
   </datafield>
   <datafield ind2=" " ind1=" " tag="260">
      <subfield code="c">2017</subfield>
   </datafield>
   <datafield ind2=" " ind1=" " tag="520">
      <subfield code="a">Financiada por Beca de colaboración del Ministerio de Educación, Cultura y Deporte MECD del curso 2016/17 desarrollada en el Departamento de Teoría e Historia de la Arquitectura y Técnicas de Comunicación THATC de la ETSAB-UPC.</subfield>
   </datafield>
   <datafield ind2=" " ind1=" " tag="520">
      <subfield code="a">¿Qué es arquitectura? Cada celda es un instante congelado de un camino de búsqueda hacia una respuesta que nunca llega. Experiencia espacial vivida que nos sitúa ante el desgarro de la vida. El sujeto ya no es dueño de si en un mundo en el que hay múltiples razones. Múltiples escenarios de juego en los que interactúa el devenir. Inmersos en ese mar de duda y conflicto, a menudo nos hacemos la pregunta por el quiénes somos y también por qué estamos aquí. Es en esta búsqueda de sentido vital y certero en la que nos hallamos envueltos al contemplar cada uno de los espacios que se entretejen en la estructura matemática del hipercubo.&#xd;
Salir fuera de uno mismo, invita a plantearse el papel que desempeñamos en este mundo, como seres humanos ejerciendo la arquitectura. Es un paso más en la reflexión sobre su sentido y también una exploración de sus límites. Implica dar un paso hacia atrás, tomar cierta distancia con la inmediatez de la praxis, para poder interrogarla profundamente. Hacer partícipe a la arquitectura del mundo, a la vez que abre uno nuevo.&#xd;
Las celdas, estructuras del habitar, devuelven la arquitectura a su plano expresivo más inmediato. Se juzga con la mirada y los sentidos que recorren cada uno de los espacios en el nuevo paradigma de la virtualidad. Una realidad con nuevas reglas, que apunta hacia otros horizontes de significado, a otras posibilidades de verdad. A su vez, esta inmediatez es seguida por un momento de reflexión, en el que uno se pregunta qué es lo que se tiene delante. ¿Es realmente arquitectura? ¿Sirve para algo?&#xd;
Cada celda abre nuevos horizontes de posibilidad. Surge desde lo más profundo del Ser, del dolor y del recuerdo. Nada y a la vez todo tiene sentido. Cobra sentido a partir de la exploración que el visitante haga de sí mismo. Un sentido que constituye un desplazamiento del lenguaje que tenemos asumido como propio. Un lenguaje que a menudo puede llegar a enquistarse en nuestro paladar, hasta convertirse en substituto del mundo. Asumido el concepto, entendida la cosa, para qué necesitamos el objeto. Y aún más, conociendo los principios que generan los objetos, la arquitectura, ¿Para qué voy a soltarme? ¿Qué necesidad hay de quitar los cimientos que me agarran al suelo? &#xd;
Es precisamente quitar el suelo bajo los pies lo que pretende esta aventura. El comienzo de un camino incierto, inconcluso, cuestionable. Se enfrenta directamente a la pregunta para tener que volver irremediablemente a ella al concluir ¿Qué es arquitectura?</subfield>
   </datafield>
   <datafield tag="653" ind2=" " ind1=" ">
      <subfield code="a">Àrees temàtiques de la UPC::Arquitectura</subfield>
   </datafield>
   <datafield tag="653" ind2=" " ind1=" ">
      <subfield code="a">Architectural theory</subfield>
   </datafield>
   <datafield tag="653" ind2=" " ind1=" ">
      <subfield code="a">Virtual reality in architecture</subfield>
   </datafield>
   <datafield tag="653" ind2=" " ind1=" ">
      <subfield code="a">Space (Architecture)</subfield>
   </datafield>
   <datafield tag="653" ind2=" " ind1=" ">
      <subfield code="a">Virtual reality</subfield>
   </datafield>
   <datafield tag="653" ind2=" " ind1=" ">
      <subfield code="a">Realidad Virtual</subfield>
   </datafield>
   <datafield tag="653" ind2=" " ind1=" ">
      <subfield code="a">Hipercube</subfield>
   </datafield>
   <datafield tag="653" ind2=" " ind1=" ">
      <subfield code="a">Hipercubo</subfield>
   </datafield>
   <datafield tag="653" ind2=" " ind1=" ">
      <subfield code="a">Mathematics</subfield>
   </datafield>
   <datafield tag="653" ind2=" " ind1=" ">
      <subfield code="a">Matemáticas</subfield>
   </datafield>
   <datafield tag="653" ind2=" " ind1=" ">
      <subfield code="a">Fourth dimension</subfield>
   </datafield>
   <datafield tag="653" ind2=" " ind1=" ">
      <subfield code="a">Cuarta dimensión</subfield>
   </datafield>
   <datafield tag="653" ind2=" " ind1=" ">
      <subfield code="a">Impossible space</subfield>
   </datafield>
   <datafield tag="653" ind2=" " ind1=" ">
      <subfield code="a">Architecture -- Theory</subfield>
   </datafield>
   <datafield tag="653" ind2=" " ind1=" ">
      <subfield code="a">Teoria arquitectònica</subfield>
   </datafield>
   <datafield tag="653" ind2=" " ind1=" ">
      <subfield code="a">Realitat virtual en l'arquitectura</subfield>
   </datafield>
   <datafield tag="653" ind2=" " ind1=" ">
      <subfield code="a">Espai (Arquitectura)</subfield>
   </datafield>
   <datafield ind2="0" ind1="0" tag="245">
      <subfield code="a">Cárceles de invención: hacia una arquitectura</subfield>
   </datafield>
</record></metadata></record></GetRecord></OAI-PMH>